40.3度以上を観測したことのある日本の都市 - Statistics

General Stats
  • This quiz has been taken 162 times
  • The average score is 7 of 24
Answer Stats
順位 都道府県 地点 起日 % Correct
埼玉県 熊谷 41.1 2018年7月23日
95%
1 静岡県 浜松 41.1 2020年8月17日
91%
岐阜県 多治見 40.9 2007年8月16日
80%
山形県 山形 40.8 1933年7月25日
55%
12 山梨県 甲府 40.7 2013年8月10日
54%
群馬県 伊勢崎 40.5 2020年8月11日
50%
群馬県 館林 40.3 2007年8月16日
43%
愛知県 名古屋 40.3 2018年8月3日
42%
15 群馬県 桐生 40.5 2020年8月11日
38%
岐阜県 美濃 41.0 2018年8月8日
30%
東京都 青梅 40.8 2018年7月23日
28%
18 新潟県 三条 40.4 2020年9月3日
27%
高知県 江川崎 41.0 2013年8月12日
21%
埼玉県 越谷 40.4 2007年8月16日
14%
7 静岡県 天竜 40.9 2020年8月16日
11%
21 新潟県 高田 40.3 2019年8月14日
11%
和歌山県 かつらぎ 40.6 1994年8月8日
9%
9 新潟県 中条 40.8 2018年8月23日
8%
山梨県 勝沼 40.5 2013年8月10日
7%
愛知県 愛西 40.3 1994年8月5日
6%
岐阜県 金山 41.0 2018年8月6日
5%
13 新潟県 寺泊 40.6 2019年8月15日
5%
山形県 鼠ケ関 40.4 2019年8月15日
5%
群馬県 上里見 40.3 1998年7月4日
3%
No matching quizzes found
Score Distribution
Percent of People with Each Score
Percentile by Number Answered
Your Score History
You have not taken this quiz